000
00269nam a22001217a 4500
008
230703b xxu||||| |||| 00| 0 eng d
082
_a
349.4
_b
NDU
100
_c
Grace Ndugu
245
_a
You and Your Rights
260
_a
Kenya
_c
1998
300
_a
75p
942
_2
ddc
_c
BK
999
_c
3204
_d
3204